| 000 | 00000nam##2200000za#4500 |
| 001 | 9.682714 |
| 003 | CaOODSP |
| 005 | 20260521145829 |
| 007 | ta |
| 008 | 150407|2005||||xxc||||| f|0| 0 fre|d |
| 020 | |a0-662-78716-1 |
| 040 | |aCaOODSP|bfre |
| 043 | |an-cn--- |
| 086 | 1 |aD2-163/2005F |
| 110 | 1 |aCanada. |bMinistère de la défense nationale. |
| 245 | 10|aBienvenue à Goose Bay - liberté de vol : |bpossibilités d'entraînement de forces militaires étrangères |
| 260 | |aOttawa - Ontario : |bDéfense nationale |c2005. |
| 563 | |aDépliant |
| 590 | |a05-08|b2005-02-25 |
| 691 | 07|aCentre de formation|2gcpds |
| 691 | 07|aFormation militaire|2gcpds |
| 775 | 08|tWelcome to Goose Bay - the freedom to fly : |w(CaOODSP)9.649526 |